000 00383nam a2200145Ia 4500
008 210210b1984 xxu||||| |||| 00| 0 eng d
082 _a621.319 GUPE
100 _aGUPTA (A P).
245 _aElectrical circuits.
260 _aND
_bOxord & IBH publishing co.
_c1984
300 _aviii,259
650 _aElectrical circuits
690 _aElectrical Engineering
906 _aSG01991
999 _c113255
_d113255